| 000 | 004010000a22001090004500 | ||
|---|---|---|---|
| 100 | 1 | _aJunca, Humberto | |
| 245 | 1 | 0 | _aEsgrima con machete : Salón regional de artistas del Pacífico |
| 300 | _aVol.0, núm.3 (Diciembre, 2005), Página 14 | ||
| 500 | _aArtista plástico y profesor de las universidades Jorge Tadeo Lozano y Los Andes. | ||
| 773 | 0 | _tArcadia / Andrés Felipe Solano, Editor | |
| 942 | _cANA | ||
| 999 |
_c61724 _d61724 |
||